<?xml version="1.0" encoding="UTF-8"?>
<record
    xmlns:xsi="http://www.w3.org/2001/XMLSchema-instance"
    xsi:schemaLocation="http://www.loc.gov/MARC21/slim http://www.loc.gov/standards/marcxml/schema/MARC21slim.xsd"
    xmlns="http://www.loc.gov/MARC21/slim">

  <leader>00641nam a2200217Ia 4500</leader>
  <controlfield tag="005">20220210114703.0</controlfield>
  <controlfield tag="008">210716s2012    xx            000 0 und d</controlfield>
  <datafield tag="020" ind1=" " ind2=" ">
    <subfield code="a">9788122427301</subfield>
  </datafield>
  <datafield tag="040" ind1=" " ind2=" ">
    <subfield code="c">AIMIT LIBRARY</subfield>
  </datafield>
  <datafield tag="041" ind1=" " ind2=" ">
    <subfield code="a">eng</subfield>
  </datafield>
  <datafield tag="082" ind1=" " ind2=" ">
    <subfield code="a">332.12 </subfield>
    <subfield code="2">4</subfield>
    <subfield code="b">MACH</subfield>
  </datafield>
  <datafield tag="100" ind1=" " ind2=" ">
    <subfield code="a">Machiraju, H R.</subfield>
    <subfield code="9">18920</subfield>
  </datafield>
  <datafield tag="245" ind1=" " ind2=" ">
    <subfield code="a">Merchant banking /</subfield>
    <subfield code="c">By H.R. Machiraju.</subfield>
  </datafield>
  <datafield tag="250" ind1=" " ind2=" ">
    <subfield code="a">4th ed.</subfield>
  </datafield>
  <datafield tag="260" ind1=" " ind2=" ">
    <subfield code="a">New Delhi :</subfield>
    <subfield code="b">New Age International Pvt Ltd ,</subfield>
    <subfield code="c">2012.</subfield>
  </datafield>
  <datafield tag="300" ind1=" " ind2=" ">
    <subfield code="a">xxvi,512p. ;</subfield>
    <subfield code="c">24 cm.</subfield>
  </datafield>
  <datafield tag="650" ind1=" " ind2=" ">
    <subfield code="a">Merchant Banking.</subfield>
    <subfield code="9">18921</subfield>
  </datafield>
  <datafield tag="650" ind1=" " ind2=" ">
    <subfield code="a">Venture Capital.</subfield>
    <subfield code="9">18944</subfield>
  </datafield>
  <datafield tag="650" ind1=" " ind2=" ">
    <subfield code="a">Buy Back of Shares.</subfield>
    <subfield code="9">18945</subfield>
  </datafield>
  <datafield tag="942" ind1=" " ind2=" ">
    <subfield code="2">ddc</subfield>
    <subfield code="c">BK</subfield>
    <subfield code="e">4th</subfield>
    <subfield code="k">332.12 MACH</subfield>
  </datafield>
  <datafield tag="999" ind1=" " ind2=" ">
    <subfield code="c">207983</subfield>
    <subfield code="d">207983</subfield>
  </datafield>
  <datafield tag="952" ind1=" " ind2=" ">
    <subfield code="0">0</subfield>
    <subfield code="1">0</subfield>
    <subfield code="2">ddc</subfield>
    <subfield code="4">0</subfield>
    <subfield code="7">3</subfield>
    <subfield code="8">MBA</subfield>
    <subfield code="a">AIMIT</subfield>
    <subfield code="b">AIMIT</subfield>
    <subfield code="d">2013-02-21</subfield>
    <subfield code="g">270.00</subfield>
    <subfield code="i">Bill no:410; Bill dt:2013-02-19</subfield>
    <subfield code="l">0</subfield>
    <subfield code="o">332.12 MACH</subfield>
    <subfield code="p">MBA10549</subfield>
    <subfield code="r">2025-07-21 00:00:00</subfield>
    <subfield code="v">202.50</subfield>
    <subfield code="w">2021-07-16</subfield>
    <subfield code="y">BK</subfield>
  </datafield>
  <datafield tag="952" ind1=" " ind2=" ">
    <subfield code="0">0</subfield>
    <subfield code="1">0</subfield>
    <subfield code="2">ddc</subfield>
    <subfield code="4">0</subfield>
    <subfield code="7">0</subfield>
    <subfield code="8">MBA</subfield>
    <subfield code="a">AIMIT</subfield>
    <subfield code="b">AIMIT</subfield>
    <subfield code="d">2013-02-21</subfield>
    <subfield code="g">270.00</subfield>
    <subfield code="i">Bill no:410; Bill dt:2013-02-19</subfield>
    <subfield code="l">0</subfield>
    <subfield code="o">332.12 MACH</subfield>
    <subfield code="p">MBA10550</subfield>
    <subfield code="r">2026-05-23 00:00:00</subfield>
    <subfield code="v">202.50</subfield>
    <subfield code="w">2021-07-16</subfield>
    <subfield code="y">BK</subfield>
  </datafield>
  <datafield tag="952" ind1=" " ind2=" ">
    <subfield code="0">0</subfield>
    <subfield code="1">0</subfield>
    <subfield code="2">ddc</subfield>
    <subfield code="4">0</subfield>
    <subfield code="7">0</subfield>
    <subfield code="8">MBA</subfield>
    <subfield code="a">AIMIT</subfield>
    <subfield code="b">AIMIT</subfield>
    <subfield code="d">2013-02-21</subfield>
    <subfield code="g">270.00</subfield>
    <subfield code="i">Bill no:410; Bill dt:2013-02-19</subfield>
    <subfield code="l">0</subfield>
    <subfield code="o">332.12 MACH</subfield>
    <subfield code="p">MBA10551</subfield>
    <subfield code="r">2026-05-23 00:00:00</subfield>
    <subfield code="v">202.50</subfield>
    <subfield code="w">2021-07-16</subfield>
    <subfield code="y">BK</subfield>
  </datafield>
  <datafield tag="952" ind1=" " ind2=" ">
    <subfield code="0">0</subfield>
    <subfield code="1">0</subfield>
    <subfield code="2">ddc</subfield>
    <subfield code="4">0</subfield>
    <subfield code="7">0</subfield>
    <subfield code="8">MBA</subfield>
    <subfield code="a">AIMIT</subfield>
    <subfield code="b">AIMIT</subfield>
    <subfield code="d">2013-02-21</subfield>
    <subfield code="g">270.00</subfield>
    <subfield code="i">Bill no:410; Bill dt:2013-02-19</subfield>
    <subfield code="l">0</subfield>
    <subfield code="o">332.12 MACH</subfield>
    <subfield code="p">MBA10552</subfield>
    <subfield code="r">2026-05-23 00:00:00</subfield>
    <subfield code="v">202.50</subfield>
    <subfield code="w">2021-07-16</subfield>
    <subfield code="y">BK</subfield>
  </datafield>
  <datafield tag="952" ind1=" " ind2=" ">
    <subfield code="0">0</subfield>
    <subfield code="1">0</subfield>
    <subfield code="2">ddc</subfield>
    <subfield code="4">0</subfield>
    <subfield code="7">0</subfield>
    <subfield code="8">MBA</subfield>
    <subfield code="a">AIMIT</subfield>
    <subfield code="b">AIMIT</subfield>
    <subfield code="d">2013-02-21</subfield>
    <subfield code="g">270.00</subfield>
    <subfield code="i">Bill no:410; Bill dt:2013-02-19</subfield>
    <subfield code="l">0</subfield>
    <subfield code="o">332.12 MACH</subfield>
    <subfield code="p">MBA10553</subfield>
    <subfield code="r">2026-05-23 00:00:00</subfield>
    <subfield code="v">202.50</subfield>
    <subfield code="w">2021-07-16</subfield>
    <subfield code="y">BK</subfield>
  </datafield>
  <datafield tag="952" ind1=" " ind2=" ">
    <subfield code="0">0</subfield>
    <subfield code="1">0</subfield>
    <subfield code="2">ddc</subfield>
    <subfield code="4">0</subfield>
    <subfield code="7">0</subfield>
    <subfield code="8">MBA</subfield>
    <subfield code="a">AIMIT</subfield>
    <subfield code="b">AIMIT</subfield>
    <subfield code="d">2013-02-21</subfield>
    <subfield code="g">270.00</subfield>
    <subfield code="i">Bill no:410; Bill dt:2013-02-19</subfield>
    <subfield code="l">0</subfield>
    <subfield code="o">332.12 MACH</subfield>
    <subfield code="p">MBA10554</subfield>
    <subfield code="r">2026-05-23 00:00:00</subfield>
    <subfield code="v">202.50</subfield>
    <subfield code="w">2021-07-16</subfield>
    <subfield code="y">BK</subfield>
  </datafield>
  <datafield tag="952" ind1=" " ind2=" ">
    <subfield code="0">0</subfield>
    <subfield code="1">0</subfield>
    <subfield code="2">ddc</subfield>
    <subfield code="4">0</subfield>
    <subfield code="7">0</subfield>
    <subfield code="8">MBA</subfield>
    <subfield code="a">AIMIT</subfield>
    <subfield code="b">AIMIT</subfield>
    <subfield code="d">2013-02-21</subfield>
    <subfield code="g">270.00</subfield>
    <subfield code="i">Bill no:410; Bill dt:2013-02-19</subfield>
    <subfield code="l">0</subfield>
    <subfield code="o">332.12 MACH</subfield>
    <subfield code="p">MBA10555</subfield>
    <subfield code="r">2026-05-23 00:00:00</subfield>
    <subfield code="v">202.50</subfield>
    <subfield code="w">2021-07-16</subfield>
    <subfield code="y">BK</subfield>
  </datafield>
  <datafield tag="952" ind1=" " ind2=" ">
    <subfield code="0">0</subfield>
    <subfield code="1">0</subfield>
    <subfield code="2">ddc</subfield>
    <subfield code="4">0</subfield>
    <subfield code="7">0</subfield>
    <subfield code="8">MBA</subfield>
    <subfield code="a">AIMIT</subfield>
    <subfield code="b">AIMIT</subfield>
    <subfield code="d">2013-02-21</subfield>
    <subfield code="g">270.00</subfield>
    <subfield code="i">Bill no:410; Bill dt:2013-02-19</subfield>
    <subfield code="l">0</subfield>
    <subfield code="o">332.12 MACH</subfield>
    <subfield code="p">MBA10556</subfield>
    <subfield code="r">2026-05-23 00:00:00</subfield>
    <subfield code="v">202.50</subfield>
    <subfield code="w">2021-07-16</subfield>
    <subfield code="y">BK</subfield>
  </datafield>
  <datafield tag="952" ind1=" " ind2=" ">
    <subfield code="0">0</subfield>
    <subfield code="1">0</subfield>
    <subfield code="2">ddc</subfield>
    <subfield code="4">0</subfield>
    <subfield code="7">0</subfield>
    <subfield code="8">MBA</subfield>
    <subfield code="a">AIMIT</subfield>
    <subfield code="b">AIMIT</subfield>
    <subfield code="d">2013-02-21</subfield>
    <subfield code="g">270.00</subfield>
    <subfield code="i">Bill no:410; Bill dt:2013-02-19</subfield>
    <subfield code="l">0</subfield>
    <subfield code="o">332.12 MACH</subfield>
    <subfield code="p">MBA10557</subfield>
    <subfield code="r">2026-05-23 00:00:00</subfield>
    <subfield code="v">202.50</subfield>
    <subfield code="w">2021-07-16</subfield>
    <subfield code="y">BK</subfield>
  </datafield>
  <datafield tag="952" ind1=" " ind2=" ">
    <subfield code="0">0</subfield>
    <subfield code="1">0</subfield>
    <subfield code="2">ddc</subfield>
    <subfield code="4">0</subfield>
    <subfield code="7">0</subfield>
    <subfield code="8">MBA</subfield>
    <subfield code="a">AIMIT</subfield>
    <subfield code="b">AIMIT</subfield>
    <subfield code="d">2013-02-21</subfield>
    <subfield code="g">270.00</subfield>
    <subfield code="i">Bill no:410; Bill dt:2013-02-19</subfield>
    <subfield code="l">0</subfield>
    <subfield code="o">332.12 MACH</subfield>
    <subfield code="p">MBA10558</subfield>
    <subfield code="r">2026-05-23 00:00:00</subfield>
    <subfield code="v">202.50</subfield>
    <subfield code="w">2021-07-16</subfield>
    <subfield code="y">BK</subfield>
  </datafield>
</record>
